| 000 | 00466nam a22001817a 4500 | ||
|---|---|---|---|
| 003 | MPLRDC | ||
| 005 | 20220104124443.0 | ||
| 008 | 210129b ||||| |||| 00| 0 eng d | ||
| 020 | _a7-5346-0271-8 | ||
| 082 | _a859.3 JSSN v.6 | ||
| 100 | _a俞伯洪等编辑 | ||
| 245 |
_a中国古典戏剧故事精选 _c |
||
| 250 | _a一版一刷 | ||
| 260 |
_a _b江苏少年儿童出版社 _c1989 |
||
| 300 | _b平 | ||
| 650 | _a儿童戏剧 | ||
| 942 |
_cBK _o859.3 JSSN v.6 |
||
| 999 |
_c19454 _d19444 |
||